GETS Theological Seminary Library

景教探索与红学研究  (Record no. 27521)

MARC details
000 -LEADER
fixed length control field 00680nam a2200205Ia 4500
008 - FIXED-LENGTH DATA ELEMENTS--GENERAL INFORMATION
fixed length control field 200901s9999||||xx |||||||||||||| ||und||
020 ## - INTERNATIONAL STANDARD BOOK NUMBER
International Standard Book Number 146355186X
020 ## - INTERNATIONAL STANDARD BOOK NUMBER
International Standard Book Number 9781463551865
041 ## - LANGUAGE CODE
Language code of text/sound track or separate title chi
050 ## - LIBRARY OF CONGRESS CALL NUMBER
Classification number BR128.C4 L53 2011
Item number .L53 2011
100 ## - MAIN ENTRY--PERSONAL NAME
Personal name 李民举
245 #0 - TITLE STATEMENT
Title 景教探索与红学研究 
Remainder of title /
Statement of responsibility, etc. 李民举
246 ## - VARYING FORM OF TITLE
Title proper/short title 景教探索與紅學研究 
Remainder of title /
260 ## - PUBLICATION, DISTRIBUTION, ETC.
Place of publication, distribution, etc. Boston, Mass. :
Name of publisher, distributor, etc. 中国基督教理学协会,
Date of publication, distribution, etc. 2011
300 ## - PHYSICAL DESCRIPTION
Extent  7, 225 p. :
Other physical details ill. ;
Dimensions 22 cm.
650 ## - SUBJECT ADDED ENTRY--TOPICAL TERM
Topical term or geographic name entry element Cao, Xueqin, -- approximately 1717-1763. -- Hong lou meng.
650 ## - SUBJECT ADDED ENTRY--TOPICAL TERM
Topical term or geographic name entry element Christianity and other religions -- Chinese.
650 ## - SUBJECT ADDED ENTRY--TOPICAL TERM
Topical term or geographic name entry element Hong lou meng (Cao, Xueqin)
Holdings
Withdrawn status Lost status Damaged status Not for loan Home library Current library Shelving location Date acquired Total Checkouts Full call number Barcode Date last seen Price effective from Koha item type
        GETS Theological Seminary Library GETS Theological Seminary Library General Stacks 09/01/2020   BR128.C4 .L53 2011 00014815 09/01/2020 09/01/2020 Chinese Book
OpacCredits

Contact the Librarian, GETS Library
Email: library@mygets.org









Implemented by GETS Library
(Powered by ETCA Professional Group)
GETS Theological Seminary
412 E. Rowland Street, CA 91723